Focus on leisure (Record no. 805)
[ view plain ]
| 000 -LEADER | |
|---|---|
| fixed length control field | 01393cab a2200253 4500 |
| 001 - CONTROL NUMBER | |
| control field | ABS37000 |
| 008 - FIXED-LENGTH DATA ELEMENTS--GENERAL INFORMATION | |
| fixed length control field | 090401t1986 xxu||||| |||| 00| 0 eng d |
| 035 ## - SYSTEM CONTROL NUMBER | |
| System control number | (Sirsi) u1448 |
| 041 ## - LANGUAGE CODE | |
| Language code of text/sound track or separate title | eng |
| 245 ## - TITLE STATEMENT | |
| Title | Focus on leisure |
| 260 ## - PUBLICATION, DISTRIBUTION, ETC. | |
| Date of publication, distribution, etc. | 1986 |
| 350 ## - PRICE (NR) (BK AM CF MU VM SE) [OBSOLETE] | |
| Price | 0 |
| 490 ## - SERIES STATEMENT | |
| Series statement | Estates Gazette |
| Volume/sequential designation | 280 (6306) 18 October 1986, 329-354 (14) |
| 520 ## - SUMMARY, ETC. | |
| Summary, etc. | A feature on the leisure industry in Britain. 1. Leisure development - the heritage factor. Reports on the current boom and describes dockland projects in Wapping and Hull , giving details of how they are being funded. 329-333 (4) 2. New thinking on the cinema . Looks at the development of the multi-cinema complex. 338-339 (2) 3. High profile for the leisure sector. Analyses the reluctance of the financial institutions to invest directly in leisure projects. 343-344 (2) 4. Leisure and licensed trades. Reports on the hotel,public house and restaurant markets in the UK. 345-350 (4) 5. Lightwater Valley : farm , quarry and leisure. Describes how 125 acres of farmland in North Yorkshire , including a limestone quarry and a piggery was transformed into a leisure park and visitor farm. |
| 650 ## - SUBJECT ADDED ENTRY--TOPICAL TERM | |
| Topical term or geographic name entry element | HOTEL MARKET |
| 650 ## - SUBJECT ADDED ENTRY--TOPICAL TERM | |
| Topical term or geographic name entry element | INVESTMENT |
| 650 ## - SUBJECT ADDED ENTRY--TOPICAL TERM | |
| Topical term or geographic name entry element | LONDON |
| 650 ## - SUBJECT ADDED ENTRY--TOPICAL TERM | |
| Topical term or geographic name entry element | PUBLIC HOUSE MARKET |
| 650 ## - SUBJECT ADDED ENTRY--TOPICAL TERM | |
| Topical term or geographic name entry element | RESTAURANT MARKET |
| 650 ## - SUBJECT ADDED ENTRY--TOPICAL TERM | |
| Topical term or geographic name entry element | TOBACCO DOCK |
| 690 ## - LOCAL SUBJECT ADDED ENTRY--TOPICAL TERM (OCLC, RLIN) | |
| Topical term or geographic name as entry element | PLANNING LAW AND PRACTICE |
| 942 ## - ADDED ENTRY ELEMENTS (KOHA) | |
| Suppress in OPAC | 0 |
| 948 ## - LOCAL PROCESSING INFORMATION (OCLC); SERIES PART DESIGNATOR (RLIN) | |
| c (OCLC) | 04/03/1997 |
| Withdrawn status | Lost status | Source of classification or shelving scheme | Damaged status | Not for loan | Home library | Current library | Shelving location | Date acquired | Total Checkouts | Full call number | Barcode | Date last seen | Copy number | Price effective from | Koha item type |
|---|---|---|---|---|---|---|---|---|---|---|---|---|---|---|---|
| Dewey Decimal Classification | London | London | Journal article | 14/09/1999 | ABS37000 | 1448-1001 | 06/08/2019 | 1 | 06/08/2019 | Journal article |